000 00887nam a22001937a 4500
008 241212b |||||||| |||| 00| 0 eng d
020 _a9789937954600
041 _hNep
082 _223rd.
_aN981.49530109/Mr493s
100 _aमृदुल, ममता
241 _aSamkalin lghukatha bibechana:samalochana sangraha / Mamta Mridul
245 _aसमकालीन लघुकथा विवेचना :
_bसमालोचना सङ्ग्रह /
_cममता मृदुल.
260 _aकाठमाण्डौँ:
_bरत्नसागर प्रकाशन,
_c२०७९वि.
300 _a१८८पृ.
650 _aनेपाली साहित्य - इतिहास र आलोचना
650 _aNepali literature–History and criticism
650 _aनेपाली साहित्य
942 _2ddc
_cISBN
999 _c118417
_d118405